Geography Quiz

Random Geography or Blitz Quiz

4-6 Letter States Quiz Stats

Quiz Updated May 24, 2013

Also try: US State Hangman
Challenge
Share
Tweet
Embed
Score 0/11 Timer 01:30
5 Plays Today
% Correct
Ohio
92.9%
Maine
90.5%
Iowa
90%
Texas
86.9%
Utah
86.4%
Idaho
81.1%
Kansas
75.2%
Hawaii
73.1%
Oregon
72.8%
Alaska
69.6%
Nevada
65.5%

You're not logged in!

Compare scores with friends on all Sporcle quizzes.
Sign Up with Email
OR
Log In

You Might Also Like...

Show Comments

Extras

Top Quizzes Today


Score Distribution

Your Account Isn't Verified!

In order to create a playlist on Sporcle, you need to verify the email address you used during registration. Go to your Sporcle Settings to finish the process.